00580cam a22001457a 4500008004000000082001400040245009400054260005700148300001000205500004000215650002600255700004800281999001900329952008600348180718b1961 xxu||||| |||| 00| 0 eng d aR83 N213p aPreparing for collective bargaining - IIcby National Industrial Conference Board, U.S.A. aNew YorkbNational Industrial Conference Boardc1961 a125p. aStudies in Personnel Policy; no.182 aCollective Bargaining aU.S.A. National Industrial Conference Board c480855d480855 00104070aIIPAbIIPAd2018-08-04oR83 N213ppGR4966r2018-08-04w2018-08-04yGR